RESPONSIBLE TOURIST BEHAVIOUR (Record no. 22706)

MARC details
000 -LEADER
fixed length control field 00316nam a2200133Ia 4500
008 - FIXED-LENGTH DATA ELEMENTS--GENERAL INFORMATION
fixed length control field 240624s9999 xx 000 0 und d
041 ## - LANGUAGE CODE
Language code of text/sound track or separate title eng
082 ## - DEWEY DECIMAL CLASSIFICATION NUMBER
Classification number 175 WEE
100 ## - MAIN ENTRY--PERSONAL NAME
Personal name WEEDEN CLARE
245 ## - TITLE STATEMENT
Title RESPONSIBLE TOURIST BEHAVIOUR
260 ## - PUBLICATION, DISTRIBUTION, ETC.
Date of publication, distribution, etc. 2013
Place of publication, distribution, etc. London
Name of publisher, distributor, etc. Routledge
300 ## - PHYSICAL DESCRIPTION
Extent 162 : p.
365 ## - TRADE PRICE
Currency code GBP
Price amount 28
Holdings
Withdrawn status Lost status Damaged status Not for loan Home library Current library Shelving location Date acquired Source of acquisition Cost, normal purchase price Full call number Barcode Date last seen Copy number Price effective from Koha item type
        IMTN IMTN Rack 4-A 04/24/2014 TB 80.00 175 WEE 22706 06/24/2024 107.1 06/24/2024 Books
Designed & Maintained by: LRC IMT Nagpur Contact: lrc@imtnag.ac.in© 2024. All Rights Reserved.